Sports Quiz

Random Sports or Baseball Quiz

Houston Astros Opening Day Starting Pitchers Quiz Stats

 Plays Quiz Updated Apr 2, 2018

Score 0/57 Timer 07:00
0 Plays Today
Year Pitcher % Correct
1982Nolan Ryan
84.8%
1985Nolan Ryan
84.8%
1986Nolan Ryan
84.8%
2018Justin Verlander
81.1%
2015Dallas Keuchel
78.9%
2016Dallas Keuchel
78.8%
2017Dallas Keuchel
78.8%
2003Roy Oswalt
77.9%
2004Roy Oswalt
77.8%
2005Roy Oswalt
77.8%
2006Roy Oswalt
77.8%
2007Roy Oswalt
77.8%
2008Roy Oswalt
77.8%
2009Roy Oswalt
77.8%
2010Roy Oswalt
77.8%
1987Mike Scott
64.5%
1988Mike Scott
64.5%
1989Mike Scott
64.5%
1990Mike Scott
64.5%
1991Mike Scott
64.5%
1976J.R. Richard
54.7%
1977J.R. Richard
54.7%
1978J.R. Richard
54.7%
1979J.R. Richard
54.7%
1980J.R. Richard
54.7%
1964Ken Johnson
47.8%
1981Joe Niekro
38.2%
1983Joe Niekro
38.2%
1984Joe Niekro
38.2%
Year Pitcher % Correct
1968Larry Dierker
32.8%
1970Larry Dierker
32.8%
1971Larry Dierker
32.8%
1975Larry Dierker
32.8%
2012Wandy Rodriguez
30.5%
1969Don Wilson
28.1%
1972Don Wilson
28.1%
1996Shane Reynolds
27.4%
1997Shane Reynolds
27.4%
1998Shane Reynolds
27.4%
1999Shane Reynolds
27.4%
2000Shane Reynolds
27.4%
2002Wade Miller
20.6%
1993Doug Drabek
18.8%
1995Doug Drabek
18.8%
2013Bud Norris
15.5%
1992Pete Harnisch
15%
1994Pete Harnisch
15%
2014Scott Feldman
14.6%
2011Brett Myers
13.3%
1966Robin Roberts
12.3%
1973Dave Roberts
12.2%
1974Dave Roberts
12.2%
2001Scott Elarton
9.7%
1963Turk Farrell
7.9%
1967Mike Cuellar
7.7%
1965Bob Bruce
5.5%
1962Bobby Shantz
4.9%

You're not logged in!

Compare scores with friends on all Sporcle quizzes.
OR
Log In

You Might Also Like...

Show Comments

Extras

Top Quizzes Today


Score Distribution

Your Account Isn't Verified!

In order to create a playlist on Sporcle, you need to verify the email address you used during registration. Go to your Sporcle Settings to finish the process.

Report this User

Report this user for behavior that violates our Community Guidelines.

Details: